| 000 | 00431nam a22001571a 4500 | ||
|---|---|---|---|
| 020 | _a9788185268736 | ||
| 082 |
_aS 294.551 3 _bALO/P |
||
| 100 |
_aAlokmani Tripathi _9165494 |
||
| 245 |
_aPasupata saiva dharma evem darsana ( v.2;part 3)/ _cby Alokmani Tripathi. |
||
| 260 |
_aDelhi: _bPratibha, _c1998. |
||
| 300 | _a320p. | ||
| 650 |
_aSaivism _9165495 |
||
| 650 |
_aReligion _9165496 |
||
| 650 |
_aHinduism _9165497 |
||
| 942 | _cBK | ||
| 999 |
_c33761 _d33761 |
||